Sports Quiz

Random Sports or Football Quiz

NFL 12,000 Receiving Yards (Clickable) Quiz Stats

Quiz not verified by Sporcle

Challenge
Share
Tweet
Embed
Score 0/19 Timer 05:00
0 Plays Today
% Correct
Jerry Rice
56.9%
Terrell Owens
52.3%
Randy Moss
52.1%
Marvin Harrison
51.3%
Cris Carter
49.3%
Tim Brown
45.8%
Isaac Bruce
44.8%
Torry Holt
44.6%
Tony Gonzalez
42.2%
Hines Ward
35.6%
% Correct
Art Monk
34%
Steve Largent
33.4%
Andre Reed
30.9%
James Lofton
25.2%
Jimmy Smith
23%
Derrick Mason
22.6%
Irving Fryar
19.5%
Henry Ellard
16.2%
Charlie Joiner
14.3%

You're not logged in!

Compare scores with friends on all Sporcle quizzes.
Sign Up with Email
OR
Log In

You Might Also Like...

Show Comments

Extras

Top Quizzes Today


Score Distribution

Your Account Isn't Verified!

In order to create a playlist on Sporcle, you need to verify the email address you used during registration. Go to your Sporcle Settings to finish the process.

Report this User

Report this user for behavior that violates our Community Guidelines.

Details: